Statistics for Pokémon - All TMs & HMs (Gen 1)

Click here to take the quiz!

General Stats

  • This quiz has been taken 13 times
  • The average score is 44 of 55

Answer Stats

Move% Correct
TM14Blizzard
100%
HM01
Cut
100%
TM10Double-Edge
100%
HM05Flash
100%
HM02Fly
100%
TM15Hyper Beam
100%
TM13Ice Beam
100%
TM22Solarbeam
100%
HM04Strength
100%
HM03Surf
100%
TM03Swords Dance
100%
TM24Thunderbolt
100%
TM06Toxic
100%
TM34Bide
75%
TM08Body Slam
75%
TM11Bubblebeam
75%
TM18Counter
75%
TM28Dig
75%
TM32Double Team
75%
TM23Dragon Rage
75%
TM26Earthquake
75%
TM37Egg Bomb
75%
TM47Explosion
75%
TM38Fire Blast
75%
TM27Fissure
75%
TM07Horn Drill
75%
TM21Mega Drain
75%
TM05Mega Kick
75%
TM01
Mega Punch
75%
TM35Metronome
75%
TM31Mimic
75%
TM16Pay Day
75%
TM29Psychic
75%
TM46Psywave
75%
TM20Rage
75%
TM02Razor Wind
75%
TM33Reflect
75%
TM44Rest
75%
TM19Seismic Toss
75%
TM36Selfdestruct
75%
TM40Skull Bash
75%
TM43Sky Attack
75%
TM41Softboiled
75%
TM17Submission
75%
TM50Substitute
75%
TM09Take Down
75%
TM30Teleport
75%
TM25Thunder
75%
TM45Thunder Wave
75%
TM49Tri Attack
75%
TM12Water Gun
75%
TM04Whirlwind
75%
TM42Dream Eater
50%
TM48Rock Slide
50%
TM39Swift
50%

Score Distribution

Percentile by Number Answered

Percent of People with Each Score

Your Score History

You have not taken this quiz